| 000 | 00715nam a2200241 a 4500 | ||
|---|---|---|---|
| 001 | 25910 | ||
| 003 | CO-ViMGA | ||
| 008 | 141112s2004 ck r 000 u spa d | ||
| 020 | _a9806437411 | ||
| 040 |
_aCO-ViMGA _bspa _cCO-ViMGA |
||
| 041 | _aspa fre | ||
| 082 | 0 | 4 | _a612.88 J26s |
| 100 | 1 |
_aJeneusse, Albin Michel _940421 |
|
| 245 | 1 | 0 | _aLas sorpresas del tacto |
| 246 | _aLas sorpresas del tacto : experimentos fáciles y divertidos. | ||
| 260 |
_aMaracay : _bPlayco Editores, _cc2003 |
||
| 300 | _a83 p. : il. ; 18 cm | ||
| 490 | _aCiencia de bolsillo. Los pequeños científicos ; 6 | ||
| 521 | _a8 - 12 años. | ||
| 650 | 1 | 4 |
_aTacto - Experimentos _940422 |
| 917 | _a1647 20050418 | ||
| 942 |
_2ddc _cBK |
||
| 999 |
_c33147 _d33147 |
||